000 02078nam0a2200361 4500
001 RU\NLR\bibl\1827622
005 20260405112521.0
010 _a978-5-7964-1413-2
_950
021 _aRU
_b2011-77042
_95484
035 _a(NLR Aleph) 001818142
090 _a1967488
_c1967488
100 _a20111031d2011 |||y0rusy50 ca
101 0 _arus
102 _aRU
105 _aa |||||||||
200 1 _aУправление, метрология, сертификация и инновации
_eучебное пособие
_fА.Г. Салов, А.А. Гаврилова, В.И. Немченко
_gМ-во образования и науки Рос. Федерации, Гос. образоват. учреждение высш. проф. образования "Самарский гос. техн. ун-т", Каф. "Управление и систем. анализ в теплоэнергетике"
210 _aСамара
_cСамарский государственный технический университет
_d2011
215 _a72 с.
_cил.
_d21
313 _aТеплотехнические измерения
320 _aБиблиогр.: с. 69 (20 назв.)
606 1 _aСертификация
_jУчебные издания для высших учебных заведений
_9893619
_3RU\NLR\auth\663397
606 1 _aТеплоэнергетические системы
_jУчебные издания для высших учебных заведений
_xАСУТП
_92589515
_3RU\NLR\auth\661530392
686 _aЖ609.006я73-1
686 _aЗ3-05я73-1
700 1 _aСалов
_bА. Г.
_gАлексей Георгиевич
_4070
701 1 _4070
_8rus
_7ca
_aГаврилова
_bА. А.
_cканд. техн. наук
_gАнна Александровна
_3RU\NLR\auth\7743353
_926296
701 1 _aНемченко
_bВ. И.
_gВладимир Иванович
_4070
801 0 _aRU
_bNLR
_c20111031
_gRCR
801 1 _aRU
_bNLR
_c20111031
942 _cBOOK
980 _aNB
980 _aNBR